000 00601nas a2200217 4500
001 BR9603593
003 BR-BrBNA
005 20231205095310.0
007 ta
008 230509b bl.|||p| |||| 00| 00por d
040 _aBR-BrBNA
_bpor
_cBiblioteca Nacional de Agricultura
041 _a(Pt)
072 _aL72
100 1 _aGrigoletti, C.
245 1 _aPiolhos em aves: ectoparasitos indesejaveis
650 _aAve Domestica
650 _aPiolho
773 0 _tRevista Batavo (Brazil)
_x
_g(Dec 1994), v. 4(38) p. 8
_wBR9603593
909 _a202311
_bLúcia
_c55
_dLúcia Elande
942 _2AGRIS
_n0
_cANA
999 _c149898
_d149898